Poemas revelados /
Guardat en:
| Autor principal: | |
|---|---|
| Altres autors: | |
| Format: | Desconegut |
| Idioma: | Spanish |
| Publicat: |
Barcelona, España :
Losada,
1998.
|
| Edició: | 1. edición |
| Matèries: | |
| Etiquetes: |
Afegir etiqueta
Sense etiquetes, Sigues el primer a etiquetar aquest registre!
|
MARC
| LEADER | 000000000a22000000004500 | ||
|---|---|---|---|
| 001 | 005431 | ||
| 020 | |a 8449411807 | ||
| 041 | 0 | |a spa | |
| 082 | 0 | 4 | |a U861.4 |b B462p |
| 100 | 1 | |a Benedetti, Mario, |d 1920-2009 | |
| 245 | 1 | 0 | |a Poemas revelados / |c Mario Benedetti ; Eduardo Longini, seleccionador. |
| 250 | |a 1. edición | ||
| 260 | 1 | |a Barcelona, España : |b Losada, |c 1998. | |
| 300 | |a 75 páginas: |b ilustraciones, retratos | ||
| 500 | |a Los textos pertenecen a los libros: Inventario, Uno, Inventario -- Dos. El olvido esá lleno de memoria, La tregua y La borra del café | ||
| 505 | |a Contenido: Poemas revelados | ||
| 650 | 4 | |a LITERATURA URUGUAYA | |
| 650 | 4 | |a POESIA | |
| 700 | 1 | |a Longini, Eduardo, |e seleccionador | |
| 999 | |c 11096 |d 11096 | ||
| 942 | |c BK |h U861.4 B462p |2 z | ||



